الحضارات الكبرى روما / (رقم التسجيلة. 32941)
[ عرض عادي ]
| 000 -LEADER | |
|---|---|
| fixed length control field | 00725nam a22002177a 4500 |
| 005 - DATE AND TIME OF LATEST TRANSACTION | |
| control field | 20251108165842.0 |
| 008 - FIXED-LENGTH DATA ELEMENTS--GENERAL INFORMATION | |
| fixed length control field | 250721s1978 xx 000 0 ara d |
| 082 14 - DEWEY DECIMAL CLASSIFICATION NUMBER | |
| Classification number | ط/937.06/جري |
| 100 1# - MAIN ENTRY--PERSONAL NAME | |
| Personal name | جريح، كلارنس |
| 245 10 - TITLE STATEMENT | |
| Title | الحضارات الكبرى روما / |
| 264 1# - PRODUCTION, PUBLICATION, DISTRIBUTION, MANUFACTURE, AND COPYRIGHT NOTICE | |
| Place of production, publication, distribution, manufacture | بيروت : |
| Name of producer, publisher, distributor, manufacturer | مكتبة لبنان، |
| Date of production, publication, distribution, manufacture, or copyright notice | 1978. |
| 300 ## - PHYSICAL DESCRIPTION | |
| Extent | 50ص : مص . |
| 490 0# - SERIES STATEMENT | |
| Series statement | سلسلة ليديبرد : السلسلة التاريخية ؛ 14 |
| 650 17 - SUBJECT ADDED ENTRY--TOPICAL TERM | |
| Topical term or geographic name as entry element | التاريخ القديم |
| 650 17 - SUBJECT ADDED ENTRY--TOPICAL TERM | |
| Topical term or geographic name as entry element | الحضارات القديمة |
| 650 17 - SUBJECT ADDED ENTRY--TOPICAL TERM | |
| Topical term or geographic name as entry element | رومانيا |
| 653 ## - INDEX TERM--UNCONTROLLED | |
| Uncontrolled term | ناشئون صغار (10-14) سنوات |
| 700 1# - ADDED ENTRY--PERSONAL NAME | |
| Personal name | الناعوري، عيسى |
| Relator term | ترجمة |
| 942 ## - ADDED ENTRY ELEMENTS (KOHA) | |
| Source of classification or shelving scheme | Dewey Decimal Classification |
| Koha item type | كتب |
| حالة السحب | حالة الفقدان | مصدر التصنيف | حالة التلف | غير قابل للإعارة | المكتبة الرئيسية | المكتبة الحالية | موقع الرف | تاريخ التزويد | الرقم المتسلسل | Total Checkouts | رقم الإستدعاء | تاريخ آخر ظهور | تاريخ الفاتورة | نوع المادة (كوها) | الباركود |
|---|---|---|---|---|---|---|---|---|---|---|---|---|---|---|---|
| Dewey Decimal Classification | مكتبة الأميرة سلمى | مكتبة الأميرة سلمى | الأطفال | 28/07/2025 | 568956 | ط/937.06/جري | 28/07/2025 | 28/07/2025 | كتب | 568956 | |||||
| Dewey Decimal Classification | Unchecked | مكتبة البراءة للأطفال | مكتبة البراءة للأطفال | الأطفال | 28/07/2025 | 366793 | ط/937.06/جري | 28/07/2025 | 28/07/2025 | كتب | |||||
| Dewey Decimal Classification | مكتبة الياسمين للأطفال | مكتبة الياسمين للأطفال | الأطفال | 23/03/2014 | 557322 | ط/937.06/جري | 28/07/2025 | 23/03/2014 | كتب | PLD00295942 | |||||
| Dewey Decimal Classification | مكتبة بدر الجديدة للأطفال | مكتبة بدر الجديدة للأطفال | الأطفال | 28/07/2025 | 400373 | ط/937.06/جري | 28/07/2025 | 28/07/2025 | كتب | 400373 | |||||
| Dewey Decimal Classification | مكتبة بدر للأطفال | مكتبة بدر للأطفال | الأطفال | 25/08/2022 | 291221 | ط/937.06/جري | 28/07/2025 | 25/08/2022 | كتب | PLD00500343 |